| 000 | 00980cam a2200229 4500 | ||
|---|---|---|---|
| 001 | ABS65786 | ||
| 008 | 020731n2002 000 0 eng u | ||
| 035 | _a(Sirsi) u119125 | ||
| 100 | _aJames, B | ||
| 245 | _aImplementing the Landfill Directive | ||
| 260 | _c2002 | ||
| 490 |
_aWastes Management _vJuly 2002, 24-25(2) |
||
| 520 | _aOverview of the development of the Landfill Directive, the notion of waste hierarchy, the key directive provisions and reduction target options. Looks at implementation issues in the UK where about 50% of all waste has to go to landfill or incineration. Considers in particular reducing landfilling of biodegradable waste and ensuring the collection, treatment and use of landfill gases. | ||
| 590 | _aABS | ||
| 650 | _aDIRECTIVE 99/31/EC | ||
| 650 | _aBIODEGRADABLE WASTE | ||
| 650 | _aLANDFILL | ||
| 650 | _aINCINERATION | ||
| 650 | _aLANDFILL GASES | ||
| 690 | _aENVIRONMENTAL AND LAND CONSULTANCY-WASTE MANAGEMENT | ||
| 942 | _n0 | ||
| 999 |
_c70858 _d70858 |
||